El gran libro de los bichos / (Registro nro. 19881)

Detalles MARC
000 -CABECERA
Campo de control 00881nam a2200253 a 4500
005 - FECHA Y HORA DE LA ULTIMA TRANSACCION
Campo de control 20171007020001.0
008 - ELEMENTOS DE LONGITUD FIJA—INFORMACION GENERAL
Campo de control 161214s2016 sp a gr 000 0 spa d
020 ## - ISBN
ISBN 9788426143457
040 ## - FUENTE DE CATALOGACIÓN
Agencia catalogadora original CO-BoBLA
Agencia transcriptora CO-BoBLA
041 1# - IDIOMA
Código de idioma de la versión original y/o traducciones intermedias del texto Inglés
Código de idioma para texto/pista de sonido o título separado Español
044 ## - PAÍS DE PUBLICACIÓN
País de publicación España
090 ## - CLASIFICACIÓN LOCAL
Colección I-JUV
Consecutivo 04
100 1# - ASIENTO PRINCIPAL--NOMBRE PERSONAL
Nombre personal Zommer, Yuval.
9 (RLIN) 85180
245 13 - MENCION DE TITULO
Título El gran libro de los bichos /
Mención de responsabilidad Yuval Zommer ; traducciÓn Susana Tornero.
260 ## - PUBLICACION, DISTRIBUCION, ETC. (PIE DE IMPRENTA)
Lugar de publicación, distribución, etc. Barcelona :
Nombre del editor, distribuidor, etc. Editorial Juventud,
Fecha de publicación, distribución, etc. 2016.
300 ## - DESCRIPCION FISICA
Extensión 63 páginas :
Otros detalles físicos ilustraciones a color
Dimensiones 35 X 23 cm.
500 ## - NOTA GENERAL
Nota general Incluye índice.
534 ## - NOTA DE VERSION ORIGINAL
Frase introductoria Título original :
Título del original Big book of bugs.
650 #4 - ASIENTO SECUNDARIO DE MATERIA - TERMINO TEMATICO
Término temático o nombre geográfico como elemento de entrada Insectos
Subdivisión general Hábitos y conducta
-- Literatura infantil.
9 (RLIN) 85181
650 #4 - ASIENTO SECUNDARIO DE MATERIA - TERMINO TEMATICO
Término temático o nombre geográfico como elemento de entrada Insectos
Subdivisión general Clasificación
-- Literatura infantil.
9 (RLIN) 85182
700 1# - ASIENTO SECUNDARIO - NOMBRE PERSONAL
Nombre personal Tornero, Susana,
Término de relación traductora.
9 (RLIN) 85183
942 ## - ELEMENTOS ADICIONALES (KOHA)
Sistema de clasificación Local
Tipo de ítem Libro
Koha issues (borrowed), all copies 1
949 ## - LOCAL PROCESSING INFORMATION (OCLC)
a n
b n
Existencias
Withdrawn status Lost status Sistema de Clasificación Damaged status No para préstamo Colección Inventariado Ubicación Permanente Ubicación actual Fecha de adquisición Fuente de Valor Valor Total Checkouts Número topográfico Inventario / Código de Barras Date last seen Date checked out Ejemplar Price effective from Forma de adquisición Tipo de material
    Local     Infantil Inventariado 2017 Bogotá Bogotá 26/09/2017 Lerner 89000.00 3 I-JUV-04 042786 08/07/2019 17/06/2019 Ej. 1 26/09/2017 Compra Libro